|
|
|
|
| LEADER |
01352aam a22003978a 4500 |
| 001 |
000018221 |
| 003 |
14648 |
| 005 |
20131007091057.0 |
| 008 |
130924s2012 viesd |
| 020 |
|
|
|c 110000đ
|d 2000b
|
| 041 |
0 |
|
|a vie
|
| 082 |
1 |
4 |
|2 14
|a 895.922334
|b BI-L
|
| 100 |
1 |
|
|a Bình Nguyên Lộc
|
| 245 |
1 |
0 |
|a Truyện ngắn Bình Nguyên Lộc
|c Bình Nguyên Lộc
|
| 260 |
|
|
|a Tp. Hồ Chí Minh
|b Nxb. Trẻ
|c 2012
|
| 300 |
|
|
|a 439 tr.
|c 20 cm.
|
| 490 |
0 |
|
|a Mỗi nhà văn một tác phẩm
|
| 500 |
|
|
|a Bút danh của tác giả: Tô Văn Tuấn
|
| 600 |
1 |
4 |
|a Bình Nguyên Lộc
|d 1914-1987
|
| 610 |
|
|
|2 7
|
| 650 |
0 |
4 |
|a Truyện ngắn Việt Nam
|x Văn học hiện đại
|
| 650 |
|
7 |
|2 Bộ TK TVQG
|
| 651 |
|
7 |
|2 Bộ TK TVQG
|a Việt Nam
|
| 653 |
|
|
|a Truyện ngắn Việt
|
| 653 |
|
|
|a Văn học Việt
|
| 655 |
|
7 |
|2 Bộ TK TVQG
|a Truyện ngắn
|
| OWN |
|
|
|a LSP
|
| AVA |
|
|
|a UDN50
|b LSP
|d 895.922334 BI-L
|e available
|t Error 5001 Not defined in file expand_doc_bib_avail.
|f 5
|g 0
|h N
|i 0
|k 1
|
| 999 |
|
|
|a From the UDN01
|
| AVA |
|
|
|a UDN50
|b LSP
|d 895.922334 BI-L
|e available
|t Error 5001 Not defined in file expand_doc_bib_avail.
|f 5
|g 0
|h N
|i 0
|k 1
|
| TYP |
|
|
|a Monograph
|
| TYP |
|
|
|a Printed language
|
| 980 |
|
|
|a Mạng thư viện Đại học Đà Nẵng
|